Statistics for The Seven Dwarves in Spanish

Click here to take the quiz!

General Stats

  • This quiz has been taken 13 times
  • The average score is 6 of 7

Answer Stats

SpanishEnglish% Correct
FelizHappy
100%
GruñónGrumpy
92%
DormilónSleepy
92%
TímidoBashful
83%
SabioDoc
83%
MuditoDopey
67%
MocosoSneezy
67%

Score Distribution

Percentile by Number Answered

Percent of People with Each Score

Your Score History

You have not taken this quiz